The Social science encyclopedia / (Record no. 542384)

000 -LEADER
fixed length control field 00629nam a2200193 a 4500
020 ## - INTERNATIONAL STANDARD BOOK NUMBER
International Standard Book Number 0415040817
082 00 - DEWEY DECIMAL CLASSIFICATION NUMBER
Classification number 300.321
Author Mark SOC
-- L-31,P-96
245 04 - TITLE STATEMENT
Title The Social science encyclopedia /
Statement of responsibility, etc. edited by Adam Kuper and Jessica Kuper.
250 ## - EDITION STATEMENT
Edition statement Rev. and repr.
260 ## - PUBLICATION, DISTRIBUTION, ETC.
Place of publication, distribution, etc. Lahore ;
-- Service book Club :
Name of publisher, distributor, etc. Wajidalis,
Date of publication, distribution, etc. 1989.
300 ## - PHYSICAL DESCRIPTION
Extent xxviii, 916 p. ;
Dimensions 21 cm.
526 ## - STUDY PROGRAM INFORMATION NOTE
Program name 0
Interest level 0
Reading level 0
Title point value 300_321000000000000_SOC
526 ## - STUDY PROGRAM INFORMATION NOTE
Program name 0
Interest level 0
Reading level 0
Title point value 300_321000000000000_SOC
650 #0 - SUBJECT ADDED ENTRY--TOPICAL TERM
Topical term or geographic name entry element MCE
9 (RLIN) 379
650 #0 - SUBJECT ADDED ENTRY--TOPICAL TERM
Topical term or geographic name entry element Social sciences
General subdivision Dictionaries.
9 (RLIN) 37522
700 1# - ADDED ENTRY--PERSONAL NAME
Personal name Kuper, Adam.
9 (RLIN) 37523
700 1# - ADDED ENTRY--PERSONAL NAME
Personal name Kuper, Jessica.
9 (RLIN) 37524
942 ## - ADDED ENTRY ELEMENTS (KOHA)
Source of classification or shelving scheme
Koha item type Book
Holdings
Withdrawn status Lost status Source of classification or shelving scheme Damaged status Not for loan Permanent Location Current Location Date acquired Total Checkouts Full call number Barcode Date last seen Price effective from Koha item type
          Military College of Engineering (MCE) Military College of Engineering (MCE) 11/21/2013   300.321 SOC MCE-25235 11/21/2013 11/21/2013 Book
          Military College of Engineering (MCE) Military College of Engineering (MCE) 11/21/2013   300.321 SOC MCE-25236 11/21/2013 11/21/2013 Book
© 2023 Central Library, National University of Sciences and Technology. All Rights Reserved.